000
00337pam a2200157a 44500
008
230515b1991 xxu||||| |||| 00| 0 eng d
020
_a
NULL
041
_a
ENGL
082
_a
621.3815 /SEN
100
_a
SEN.P.C.
245
_a
POWER ELECTRONIC
250
_a
4
260
_a
NULL
_b
T.M.H
_c
1991
300
_a
1031 PB
650
_a
NULL
999
_c
624567
_d
624567